载入...

Library of Congress subject headings

书目详细资料
格式: Printed Book
出版: Washington, Library of Congress Cataloguing Distribution Services 1997
版:Ed.20
丛编:2
主题:
LEADER 005830000a22001810004500
020 |a 1048-9711 
082 |a 025.49 N7.2 
245 |a Library of Congress subject headings 
250 |a Ed.20 
260 |a Washington, Library of Congress Cataloguing Distribution Services 
260 |c 1997 
465 |a D 330 
490 |a 2 
650 |a LC subject headings 
650 |a Library of Congress Subject headings 
942 |c BK 
999 |c 13203  |d 13203 
952 |0 0  |1 0  |4 0  |6 025_490000000000000_N7_2  |7 0  |8 REF  |9 13004  |a MGUL  |b MGUL  |d 2013-07-16  |e D 330  |l 0  |o 025.49 N7.2  |p 28090  |r 2013-07-16  |w 2013-07-16  |y REF